|
|
|
|
| LEADER |
00000nam0a2200000 4500 |
| 001 |
66610 |
| 005 |
20231031072511.0 |
| 035 |
|
|
|a (RuTPU)RU\TPU\book\70816
|
| 090 |
|
|
|a 66610
|
| 100 |
|
|
|a 20040831d2004 km y0rusy50 ca
|
| 101 |
0 |
|
|a rus
|
| 102 |
|
|
|a RU
|
| 105 |
|
|
|a a b 000zy
|
| 200 |
1 |
|
|a Приборы для измерения количества и расхода воды, газа, тепла (КОЗ - 09)
|f Ассоциация делового и научно-технического сотрудничества в области машиностроения, высоких технологий и конверсии
|
| 210 |
|
|
|a Москва
|c [Б. и.]
|d 2004
|
| 215 |
|
|
|a 450 с.
|c ил.
|
| 225 |
1 |
|
|a Информационные материалы Федерального фонда отечественных и иностранных каталогов промышленной продукции. Каталоги отечественных и зарубежных фирм
|
| 610 |
1 |
|
|a точная механика
|
| 610 |
1 |
|
|a вода
|
| 610 |
1 |
|
|a газ
|
| 610 |
1 |
|
|a тепло
|
| 610 |
1 |
|
|a расход
|
| 610 |
1 |
|
|a измерение
|
| 610 |
1 |
|
|a измерительные приборы
|
| 610 |
1 |
|
|a счетчики
|
| 610 |
1 |
|
|a отечественные фирмы
|
| 610 |
1 |
|
|a зарубежные фирмы
|
| 610 |
1 |
|
|a каталоги
|
| 675 |
|
|
|a 681.121(085)
|v 3
|
| 712 |
0 |
2 |
|a Ассоциация делового и научно-технического сотрудничества в области машиностроения, высоких технологий и конверсии (Ассоциация МВТК)
|c (Москва)
|2 stltpush
|3 (RuTPU)RU\TPU\col\5723
|
| 801 |
|
1 |
|a RU
|b 63413507
|c 20040831
|g PSBO
|
| 801 |
|
2 |
|a RU
|b 63413507
|c 20101129
|g PSBO
|
| 942 |
|
|
|c BK
|